| 000 | 00000nam 2200000za 4500 |
| 001 | 9.644106 |
| 003 | CaOODSP |
| 005 | 20210624224505 |
| 007 | cr ||||||||||| |
| 008 | 150407|2014||||xxc|||||o f|0| 0 fre d |
| 020 | |a978-0-662-07954-5 |
| 040 | |aCaOODSP|bfre |
| 043 | |an-cn--- |
| 086 | 1 |aEn56-222/2-2014F-PDF|zEn56-222/2-2008F |
| 110 | 1 |aCanada. |bEnvironnement Canada. |
| 245 | 10|aRefroidissement éolien |h[ressource électronique] : |bun fait qui donne le frisson. |
| 260 | |aGatineau - Québec : |bEnvironnement Canada |cc2014. |
| 300 | |a6 p. |
| 500 | |aLe n° de catalogue (En56-222/2-2008F) et l'ISBN (978-0-662-07954-5) imprimés dans cette publication sont incorrects. |
| 520 | 3 |aUne fiche d'information sur le refroidissement éolien : ce qu'il est, comment il vous affecte, etc. Vous y trouverez aussi des renseignements sur les lésions causées par le froid et sur ce qu'il faut faire pour les prévenir. |
| 590 | |a15-01|b2015-01-02 |
| 691 | 07|aVent|2gcpds |
| 775 | 08|tWind chill : |w(CaOODSP)9.700202 |
| 856 | 40|ahttp://publications.gc.ca|qPDF|s674 Ko|uhttps://publications.gc.ca/collections/collection_2014/ec/En56-222-2-2014-fra.pdf |